00966nam a22003015b 4500001000600000003000900006005001700015007000300032008003500035017000900070020001500079040003000094082002800124100003900152245007700191250000600268264004800274300005100322336002900373337003500402338002900437490005600466600000600522650002300528650003800551650003800589700003700627 446 DO-SdBPM20251119060401.0ta950710s1992 sp a | | ||spa  a b  a8434208482 aDO-SdBPMbspacBPMSUerda 4a808.068bV864v 19922221 aViza, Montserrateautor 4aut. d 10aViajo en tren/ cMontserrat Viza ; ilustraciones de Francesc Rovira /h  a  aBarcelona, España : b Parramón, c1992 avarias paginaciones. :bilustraciones ;c20 cm atexto btxt 2rdacontent asin mediación bn2rdamedia  avolumen bnc2rdacarrier0 a Primera Biblioteca de los Niños ;a Viajo env  2  7aCuentos infantiles 7alibros ilustrados para niñosv  7aLibros y lectura para niñosv 1 a: Rovira, Francesc,eilustrador